000 00635nam a2200205Ii 4500
001 8653
003 CO-ViMGA
008 241108s9999||||xx |||||||||||||| ||und||
040 _aCO-ViMGA
_bspa
_erda
_cCO-ViMGA
041 0 _aspa
082 0 4 _a636.2 L799
100 1 _aCésar A Lobo
_945627
245 1 0 _aLa asistencia técnica integral pecuaria :
_bun nuevo reto al ejercicio profesional en Colombia
264 1 _aBogotá, Colombia : ICA, 1992
300 _avolumen
336 _atext
_btxt
_2rdacontent
337 _aunmediated
_bn
_2rdamedia
338 _avolume
_bnc
_2rdacarrier
940 _aidficha_siabuc: 8456. -- ficha_no_siabuc:8653
999 _c40156
_d40156